Responses for Show #8974 - Thursday, November 16, 2023

2023 Champions Wildcard Clubs quarterfinal game 6.

Contestants

[<< previous game]

Scott Plummer, a software developer from Golden, Colorado

Tim Moon, an attorney from Los Angeles, California

Amy Bekkerman, a copy editor from Durham, New Hampshire

[next game >>]

Jeopardy! Round responses

UP ABOVE
POP MUSIC
WHAT THE DICKENS!
JAILHOUSE ROCK
DAD, GUM IT
WE'LL SPOT YOU A LETTER
    $200 7
Head & Shoulders

Amy
    $200 14
Destiny's Child

Tim
    $200 5
(Amy: What is A Christmas Carol?)
(Scott: What is a nutcracker?)

a Christmas tree

AmyScott
Triple Stumper
    $200 25
Alcatraz

Scott
    $200 18
smoking

Tim
    $200 30
familiarity

Tim
    $400 8
reproach (suspicion)

Tim
    $400 11
(Ken: Gen Z is yelling at the screen right now.)

Olivia Rodrigo

Triple Stumper
    $400 1
Oliver Twist

Amy
    $400 20
Mandela

Tim
    $400 12
Judy Garland

Amy
    $400 26
a hamlet

Tim
    $600 6
above the line

Tim
    $600 15
"Fast Car"

Amy
    $1,000 2
David Copperfield

Amy
    $600 22
Devil's Island

Tim
    $600 13
Wrigley

Tim
    $600 27
covenant

Amy
    $800 9
to hover

Scott
    $800 19
"Video Killed The Radio Star"

Scott
    $800 3
The Old Curiosity Shop

Scott
    $800 23
(Amy: What is Iraq?)

Turkey

AmyScott
    $800 16
(Tim: Who is Veruca Salt?)

Violet Beauregarde

AmyTim
    $800 28
afterglow

Triple Stumper
    $1000 10
Tintern Abbey

Amy
    $1000 21
(Tim: Who is Aqua?)
...
(Ken: That would be "Barbie Girl...")

Nicki Minaj

Tim
Triple Stumper
    $1000 4
Sydney Carton

Triple Stumper
    $1000 24
the Château d'If

Triple Stumper
    $1000 17
Gumbo

Triple Stumper
    $1000 29
peristalsis

Amy

Scores at the first commercial break (after clue 15):

Amy Tim Scott
$3,400 $1,800 $1,400

Scores at the end of the Jeopardy! Round:

Amy Tim Scott
$5,000 $1,800 $3,200

Double Jeopardy! Round responses

SCULPTURE
ROBIN WILLIAMS MOVIE QUOTES
THE NAME OF THE LAW
THAT'S MISLEADING
(Ken: If I say, "Singer Bryan with a blanket on", you say, "What is Luke warm?")
BRIDGE ON THE RIVER
KAUAI
    $400 19
a bust

Tim
    $400 24
Good Morning, Vietnam

Tim
    $400 28
(James) Brady

Tim
    $400 30
kid nap

Scott
    $400 12
the Thames

Amy
    $400 29
(Amy: What is snow?)

rain

AmyTim
    $800 4
a dragon

Scott
    $800 13
Mrs. Doubtfire

Scott
    $800 23
Sonny Bono

Scott
    $800 21
saw horse

Tim
    $800 10
(Tim: What is the Potomac?)

the Mississippi

TimScott
    $800 25
the Garden Isle

Scott
    $1200 5
Venus de Milo

Tim
    $4,400 14
(Ken: Scott?)
(Scott: [Shakes head])
(Ken: No guess, I'm afraid. It's his Oscar-winning role. [*].)
(Scott: Oh.)
(Ken: He's talking to Matt Damon.)

Good Will Hunting

Scott
    $1200 1
Hawley

Amy
    $1200 20
banana split

Amy
    $1200 8
(Scott: What is Dublin?)

the Liffey

Scott
Triple Stumper
    $1200 6
the Grand Canyon

Tim
    $1600 17
Dada

Triple Stumper
    $1600 15
Patch Adams

Amy
    $1600 2
Matthew Shepard

Triple Stumper
    $1600 22
(Amy: [*]. What is [*]?)

fish bowl

Amy
    $1600 9
the Niagara River

Triple Stumper
    $1600 7
Kamehameha

Amy
    $2000 18
Henry Moore

Triple Stumper
    $2000 16
(Tim: What is...)

the Dead Poets Society

TimScott
    $2000 3
the Mann Act

Triple Stumper
    $3,200 26
(Scott: Ah...)
(Ken: Scott?)
(Scott: Something ramp--what...)

ramp art

Scott
    $2000 11
the Vltava (the Moldau)

Triple Stumper
    $2000 27
Bali Hai

Scott

Scores at the end of the Double Jeopardy! Round:

Amy Tim Scott
$12,200 $3,800 $2,800
(lock game)

[wagering suggestions for these scores]

Final Jeopardy! Round responses

POETS
(Ken: [To Scott] You figured it out; it was a tiger attack--"Tyger, Tyger burning bright".)
ScottWho is Blake?
$2,799
TimWho is Kipling? :)
$3,800
AmyWho is Kipling?
$0
William Blake

Final scores:

Amy Tim Scott
$12,200 $0 $5,599
Winner: semifinalist 3rd place: $5,000 2nd place: $5,000

Game dynamics:

Coryat scores:

Amy Tim Scott
$11,800 $3,800 $10,400
15 R
(including 1 DD),
3 W
16 R,
4 W
13 R,
4 W
(including 2 DDs)

Combined Coryat: $26,000

[game clues] [game scores] [suggest correction]

Game tape date: 2023-10-18
The J! Archive is created by fans, for fans. Scraping, republication, monetization, and malicious use prohibited; this site may use cookies and collect identifying information. See terms. The Jeopardy! game show and all elements thereof, including but not limited to copyright and trademark thereto, are the property of Jeopardy Productions, Inc. and are protected under law. This website is not affiliated with, sponsored by, or operated by Jeopardy Productions, Inc. Join the discussion at JBoard.tv.